Ferrocarril elèctric Reus-Montroig: Prospecte Prospecte
Descripción Física:
[2] f. : il. ; 27 cm
MARC
| LEADER | 00000nam a2200000Ia 4500 | ||
|---|---|---|---|
| 001 | 17613 | ||
| 008 | 160829s9999 xx 000 0 cat d | ||
| 080 | |a RF-2-13 | ||
| 245 | |a Ferrocarril elèctric Reus-Montroig: |b Prospecte | ||
| 260 | |a [s.l.] : |b [s.n.], [1919?] | ||
| 300 | |a [2] f. : |b il. ; |c 27 cm | ||
| 590 | |a Prové de 3201 | ||
| 650 | |a Ferrocarrils |x Catalunya |x Projectes |9 46718 | ||
| 650 | |a Informació pública |9 39740 | ||
| 856 | 4 | |u https://media.diba.cat/diba/fitxers/arxiu/fulletons/bib_17614_baixa.pdf |y Accés lliure | |
| 856 | 4 | |u https://media.diba.cat/diba/fitxers/arxiu/fulletons/bib_17614_baixa.pdf |y Accés lliure | |
| 901 | |a Arxiu | ||
| 942 | |n 1 |2 udc | ||
| 952 | |0 0 |1 0 |4 0 |6 RF213 |7 1 |9 53408 |a Arxiu |b Arxiu |d 2016-12-01 |l 0 |o RF-2-13 |p 17613 |r 2016-12-01 00:00:00 |w 2016-12-01 |y ARXIU | ||
| 999 | |c 57273 |d 57273 | ||
| 900 | |a bib_17614_baixa.pdf | ||